[Event "Rolf Martens Minnesturnering 2014"]
[Site "Lund"]
[Date "2014.05.03"]
[Round "1.1"]
[White "Astrom, Lars"]
[Black "Tikkanen, Hans"]
[Result "0-1"]
[WhiteElo "2033"]
[BlackElo "2631"]

1.e4 e6 2.d4 d5 3.Nd2 c5 4.exd5 Qxd5 5.Ngf3 cxd4 6.Bc4 Qd7 7.O-O Nf6 8.Nb3
Nc6 9.Nbxd4 Bc5 10.Be3 Ng4 11.Qd2 Nxe3 12.fxe3 O-O 13.c3 e5 14.Nxc6 Qxd2 
15.Ne7+ Bxe7 16.Nxd2 Bd7 17.Bd5 Rad8 18.Bxb7 Rb8 19.Bd5 Rxb2 20.Nc4 Rb5 
21.e4 Bf6 22.Rab1 a6 23.a4 Rc5 24.Rb6 Bxa4 25.Rxa6 Bb5 26.Ra5 Bd8 27.Rxb5 
Rxb5 28.Nxe5 Bf6 29.Nd7 Rc8 30.Nxf6+ gxf6 31.Rxf6 Rb1+ 32.Kf2 Rb2+ 33.Kg1 
Rc7 34.c4 Ra7 35.Rf2 Ra1+ 36.Rf1 Raa2 37.Rxf7 Rxg2+ 38.Kh1 Rxh2+ 39.Kg1 
Rag2+ 40.Kf1 Rd2 41.Rf2+ Kg7 42.Rxd2 Rxd2 43.c5 Kf6 44.c6 Ke5 45.Ke1 Rh2 
46.Kd1 Kd6 47.e5+ Kc7 48.Bf3 Rh6 49.Ke2 Re6 50.Kf2 Rxe5 51.Kg3 Kd6 52.Kg4 
Rc5 53.Kf4 Ke6 54.Be4 h5 55.Bf3 Kf6 56.c7 Rc4+ 57.Ke3 Ke5 0-1

[Event "Rolf Martens Minnesturnering 2014"]
[Site "Lund"]
[Date "2014.05.03"]
[Round "1.2"]
[White "Cuenca Jimenez, Jose Fernando"]
[Black "Rosell, Sven"]
[Result "1-0"]
[WhiteElo "2489"]
[BlackElo "2016"]

1.e4 c6 2.c4 e5 3.Nf3 d6 4.d4 Nd7 5.Nc3 Be7 6.g3 Ngf6 7.Bg2 O-O 8.O-O Qc7 
9.h3 Nb6 10.b3 a5 11.a4 h6 12.Re1 Be6 13.Be3 Rfd8 14.Rc1 Nbd7 15.d5 cxd5 
16.cxd5 Qb8 17.dxe6 fxe6 18.Nb5 Nc5 19.Bxc5 dxc5 20.Qc2 Rf8 21.Qc4 Qc8 22.
Nxe5 Nh5 23.Ng6 Rf7 24.Rcd1 Kh7 25.Nxe7 Rxe7 26.e5 Rf7 27.Nd6 1-0

[Event "Rolf Martens Minnesturnering 2014"]
[Site "Lund"]
[Date "2014.05.03"]
[Round "2.1"]
[White "Tikkanen, Hans"]
[Black "Lundberg, David"]
[Result "1-0"]
[WhiteElo "2631"]
[BlackElo "2169"]

1.d4 d5 2.c4 c6 3.Nf3 Nf6 4.Nc3 e6 5.Bg5 h6 6.Bxf6 Qxf6 7.Qb3 Nd7 8.e4 
dxe4 9.Nxe4 Qf4 10.Bd3 Be7 11.O-O O-O 12.Rfe1 c5 13.d5 exd5 14.cxd5 Nf6 
15.Ned2 Qc7 16.Nf1 Bd6 17.Ne3 b6 18.Rad1 Bb7 19.Bb1 Rad8 20.Qc2 g6 21.Qc4 
a6 22.a4 Qd7 23.Qh4 Kg7 24.b3 b5 25.axb5 axb5 26.Re2 Rfe8 27.Ra2 Ra8 28.
Rad2 Ra1 29.Bc2 Rxd1+ 30.Rxd1 Ra8 31.b4 Ra2 32.bxc5 Bxc5 33.Nd4 Bxd4 34.
Qxd4 Qd6 35.Bd3 Ra4 36.Qb2 Rb4 37.Qc3 Rh4 38.h3 b4 39.Qb2 h5 40.Be2 Re4 
41.Bf3 Re8 42.Rd4 Kg8 43.Rxb4 Bxd5 44.Rb6 1-0

[Event "Rolf Martens Minnesturnering 2014"]
[Site "Lund"]
[Date "2014.05.03"]
[Round "2.2"]
[White "Nilsson, Patrik"]
[Black "Cuenca Jimenez, Jose Fernando"]
[Result "0-1"]
[WhiteElo "2167"]
[BlackElo "2489"]

1.e4 d6 2.d4 Nf6 3.Nc3 e5 4.dxe5 dxe5 5.Qxd8+ Kxd8 6.Bd2 Nbd7 7.O-O-O a6 
8.f3 Bd6 9.g4 b5 10.g5 Nh5 11.Nge2 g6 12.Ng3 Nf4 13.Nge2 b4 14.Nxf4 bxc3 
15.Bxc3 h6 16.gxh6 Rxh6 17.Nd5 Bb7 18.h4 Ke8 19.Bh3 Bxd5 20.Rxd5 Nb6 21.
Rd3 Ke7 22.Bg4 Rah8 23.Be1 f6 24.b3 Nd7 25.Bxd7 Kxd7 26.Rg1 Ke6 27.Kb2 f5 
28.Bd2 fxe4 29.fxe4 Rxh4 30.Rxg6+ Kf7 31.Rdg3 Rxe4 32.Ba5 Rh7 33.Rg8 Re2 
34.Bc3 Rhh2 35.R8g7+ Ke6 36.R7g6+ Kd7 37.Rg7+ Kc6 38.Kb1 Rxc2 39.Ba5 Rb2+ 
40.Kc1 Rxa2 41.Rc3+ Kb5 0-1

[Event "Rolf Martens Minnesturnering 2014"]
[Site "Lund"]
[Date "2014.05.03"]
[Round "3.1"]
[White "Mejvik, Jacob"]
[Black "Tikkanen, Hans"]
[Result "0-1"]
[WhiteElo "2250"]
[BlackElo "2631"]

1.d4 Nf6 2.c4 e6 3.Nf3 b6 4.g3 Bb7 5.Bg2 c5 6.O-O cxd4 7.Qxd4 Be7 8.Nc3 
O-O 9.Qd3 Na6 10.Rd1 Rc8 11.b3 Nc5 12.Qb1 a6 13.Bf4 d6 14.Qb2 Qc7 15.Rac1 
Rfd8 16.Ne1 Bxg2 17.Nxg2 Qb7 18.f3 b5 19.cxb5 axb5 20.e4 b4 21.Ne2 Qa6 22.
Ne1 Nfd7 23.Rc4 Na4 24.Qc2 Rxc4 25.Qxc4 Qxc4 26.bxc4 Ndc5 27.Bd2 Nb2 28.
Rb1 Nxc4 29.Bxb4 Rb8 30.Nc2 Nd2 31.Rd1 Nxf3+ 32.Kf2 Ne5 33.Bc3 Nxe4+ 0-1

[Event "Rolf Martens Minnesturnering 2014"]
[Site "Lund"]
[Date "2014.05.03"]
[Round "3.2"]
[White "Cuenca Jimenez, Jose Fernando"]
[Black "Gajic, Mladen"]
[Result "1-0"]
[WhiteElo "2489"]
[BlackElo "2309"]

1.e4 Nf6 2.e5 Nd5 3.Nc3 Nxc3 4.dxc3 d6 5.Nf3 dxe5 6.Qxd8+ Kxd8 7.Nxe5 Ke8 
8.Be3 Nd7 9.Nxd7 Bxd7 10.O-O-O e6 11.Bf4 Rc8 12.Bd3 Bd6 13.Be3 a6 14.Be4 
Bc6 15.Bxc6+ bxc6 16.Rhe1 h5 17.h3 h4 18.Rd4 Rh5 19.Rg4 g6 20.Rd1 Rb8 21.
Ra4 a5 22.Rdd4 Rbb5 23.Rxh4 Rhe5 24.Rh8+ Ke7 25.Rc4 Kd7 26.g4 f5 27.gxf5 
exf5 28.Rch4 Re7 29.c4 Rbe5 30.Rg8 Re4 31.Rxe4 Rxe4 32.Rg7+ Ke8 33.c5 Be7 
34.Rxg6 f4 35.Bd2 Kd7 36.Rg4 Bxc5 37.Rxf4 Re2 38.Kd1 Re5 39.c3 Bd6 40.Rg4 
Rb5 41.Kc2 Rh5 42.h4 Rf5 43.f4 Be7 44.Kd3 Rb5 45.b3 a4 46.bxa4 Ra5 47.Be3 
Rxa4 48.h5 Rxa2 49.h6 Rh2 50.f5 Ke8 51.Rg7 Kf8 52.Rg6 Kf7 53.Rxc6 1-0

[Event "Rolf Martens Minnesturnering 2014"]
[Site "Lund"]
[Date "2014.05.03"]
[Round "4.1"]
[White "Tikkanen, Hans"]
[Black "Lindgren, Philip"]
[Result "1-0"]
[WhiteElo "2631"]
[BlackElo "2413"]

1.c4 c6 2.Nf3 d5 3.e3 Nf6 4.Nc3 e6 5.b3 Nbd7 6.Bb2 Bd6 7.Be2 Qe7 8.O-O O-O
9.d4 b6 10.Qc2 Bb7 11.e4 dxe4 12.Nxe4 Nxe4 13.Qxe4 f5 14.Qe3 c5 15.Rad1 
Rae8 16.Rfe1 Nf6 17.Ne5 cxd4 18.Bxd4 Bb4 19.Rf1 Ne4 20.f3 f4 21.Qd3 Nd6 
22.Bf2 Rd8 23.Qc2 Nf5 24.Bd3 Bc5 25.Bxf5 exf5 26.Rxd8 Rxd8 27.Re1 Qg5 28.
Bxc5 bxc5 29.Qf2 Re8 30.Qxc5 h6 31.Qf2 Kh7 32.c5 Qe7 33.Nd3 Qd7 34.Rxe8 
Qxd3 35.Re1 Bc6 36.h3 Qc3 37.Kh2 Qf6 38.Rd1 Qe7 39.Rd6 1-0

[Event "Rolf Martens Minnesturnering 2014"]
[Site "Lund"]
[Date "2014.05.03"]
[Round "4.2"]
[White "Bouaziz, Nejib"]
[Black "Cuenca Jimenez, Jose Fernando"]
[Result "0-1"]
[WhiteElo "2072"]
[BlackElo "2489"]

1.e4 e5 2.Nf3 Nc6 3.Bb5 Nf6 4.Nc3 Bd6 5.d3 a6 6.Ba4 O-O 7.O-O b5 8.Bb3 Be7
9.Nd5 d6 10.h3 Nxd5 11.Bxd5 Bd7 12.c3 Rb8 13.b4 Bf6 14.a3 Ne7 15.Bb3 Ng6 
16.Be3 Qe7 17.Re1 Nh4 18.Nxh4 Bxh4 19.Qf3 Kh8 20.g3 Bg5 21.Bxg5 Qxg5 22.h4
Qd2 23.c4 f5 24.Qe3 Qc3 25.Rab1 f4 26.Qe2 Qd4 27.Kh2 fxg3+ 28.fxg3 Rf2+ 
0-1

[Event "Rolf Martens Minnesturnering 2014"]
[Site "Lund"]
[Date "2014.05.03"]
[Round "5.1"]
[White "Cuenca Jimenez, Jose Fernando"]
[Black "Tikkanen, Hans"]
[Result "0-1"]
[WhiteElo "2489"]
[BlackElo "2631"]

1.c4 Nf6 2.Nf3 c5 3.Nc3 Nc6 4.d4 cxd4 5.Nxd4 e6 6.a3 a6 7.e4 d6 8.Be2 Be7 
9.O-O O-O 10.Be3 Nxd4 11.Qxd4 Bd7 12.b4 Qc7 13.Rac1 Rac8 14.f3 Qb8 15.Rfd1
Rfd8 16.Qd3 Be8 17.Bb6 Rd7 18.Qe3 Bd8 19.Ba7 Qa8 20.Qf2 b5 21.Bd4 bxc4 22.
Na4 a5 23.b5 Rb7 24.Nb6 Bxb6 25.Bxb6 d5 26.Bd4 Rxb5 27.Bxf6 gxf6 28.Qg3+ 
Kh8 29.Qh4 Qa7+ 30.Kh1 Kg7 31.exd5 Qe3 32.Bf1 Rxd5 33.Re1 Qg5 34.Qf2 c3 
35.Qa7 c2 36.Qb7 Rcc5 37.Qb3 Rd2 38.h3 Bb5 39.f4 Qg6 40.Qf3 Bc6 41.f5 exf5
42.Qe3 Rxg2 43.Qxc5 Rg1+ 0-1

[Event "Rolf Martens Minnesturnering 2014"]
[Site "Lund"]
[Date "2014.05.03"]
[Round "5.2"]
[White "Lindgren, Philip"]
[Black "Eriksson, Kristian"]
[Result "1-0"]
[WhiteElo "2413"]
[BlackElo "2075"]

1.d4 Nf6 2.c4 e6 3.g3 d5 4.Nf3 Be7 5.Bg2 O-O 6.O-O c5 7.cxd5 exd5 8.Nc3 
Nc6 9.dxc5 Bxc5 10.Na4 Be7 11.Be3 Re8 12.Rc1 Bg4 13.Nc5 Bxc5 14.Bxc5 Qd7 
15.Re1 Bh3 16.Bh1 Ne4 17.Nd4 Rad8 18.Nxc6 bxc6 19.Qd4 a6 20.b3 Qb7 21.Ba3 
f6 22.Red1 Qb5 23.Qd3 Qb6 24.e3 Qa5 25.b4 Qb6 26.Qd4 Qb5 27.Qd3 Qb6 28.Qd4
Qb5 29.Rc2 Nd6 30.Rxc6 Qxc6 31.Bxd5+ Qxd5 32.Qxd5+ Nf7 33.Qb3 Bg4 34.Rxd8 
Rxd8 35.Kg2 Bd1 36.Qe6 Bh5 37.Bb2 h6 38.Qxa6 Bg6 39.Bd4 Ng5 40.f3 1-0

[Event "Rolf Martens Minnesturnering 2014"]
[Site "Lund"]
[Date "2014.05.03"]
[Round "6.1"]
[White "Tikkanen, Hans"]
[Black "Gajic, Mladen"]
[Result "0-1"]
[WhiteElo "2631"]
[BlackElo "2309"]

1.d4 Nf6 2.c4 c5 3.d5 e6 4.Nc3 exd5 5.cxd5 d6 6.e4 g6 7.f4 Bg7 8.Bb5+ Nbd7
9.e5 dxe5 10.fxe5 Nh5 11.e6 Qh4+ 12.g3 Nxg3 13.hxg3 Qxh1 14.Be3 a6 15.
exd7+ Bxd7 16.Bxd7+ Kxd7 17.Qa4+ Kc8 18.Qc4 Re8 19.Qxc5+ Kd7 20.Kf1 Rac8 
21.Qb6 Bxc3 22.bxc3 Qxd5 23.Qd4 Qxd4 24.Bxd4 Re6 25.Nf3 f6 26.a4 Rce8 27.
Rb1 Kc7 28.a5 R8e7 29.Rb2 Rd7 30.Rh2 Kc6 31.Bb6 Kd6 32.Nd4 Re4 33.Nb3 Rc4 
34.Rd2+ Ke7 35.Bc5+ Ke8 36.Re2+ Kf7 37.Bb4 Rdc7 38.Nd4 Rd7 39.Ne6 Rd5 40.
Nf4 Re5 41.Rd2 g5 42.Ne2 Kg6 43.Rd7 Rb5 44.Nd4 Re5 45.Rxb7 h5 46.Rb6 Re4 
47.Ne2 h4 48.gxh4 gxh4 49.Ng1 Rf4+ 50.Kg2 Rg4+ 51.Kh2 Rcf4 52.Nh3 Rf3 53.
Bd6 Ra4 54.Kg2 Rxc3 55.Nf4+ Kf5 56.Kf2 Ra2+ 57.Ne2 Rcc2 58.Rxa6 Rxe2+ 59.
Kf1 Red2 60.Ke1 Rdb2 0-1

[Event "Rolf Martens Minnesturnering 2014"]
[Site "Lund"]
[Date "2014.05.03"]
[Round "6.2"]
[White "Persson, Richard"]
[Black "Cuenca Jimenez, Jose Fernando"]
[Result "0-1"]
[WhiteElo "2186"]
[BlackElo "2489"]

1.e4 e5 2.f4 Bc5 3.Nf3 d6 4.c3 Nf6 5.d4 exd4 6.cxd4 Bb4+ 7.Bd2 Bxd2+ 8.
Nbxd2 Qe7 9.Bd3 Nxe4 10.Nxe4 d5 11.O-O dxe4 12.Bxe4 O-O 13.Qd3 h6 14.f5 
Nd7 15.Rae1 Qd6 16.Ne5 c5 17.Nxd7 Bxd7 18.dxc5 Qxc5+ 19.Qe3 Qxe3+ 20.Rxe3 
Rae8 21.Rfe1 b6 22.Kf2 Re5 23.Bc2 Rc5 24.R1e2 Bxf5 25.Bxf5 Rxf5+ 26.Rf3 
Rd5 27.Re7 Rd2+ 28.Kg3 a5 29.b3 Rxa2 30.Rb7 Rb2 31.Rxb6 Rc8 32.Kh3 Rc5 33.
Rb8+ Kh7 34.Rxf7 Rh5+ 35.Kg3 Rg5+ 36.Kf3 Rgxg2 37.Ra7 Rxh2 38.Rbb7 Rhf2+ 
39.Ke3 Rg2 40.Kd4 Rg5 41.Kc3 Rf2 42.Rb8 h5 43.Raa8 Rf3+ 44.Kb2 Rf6 45.Rb7 
h4 46.Rba7 Rff5 47.Rd7 h3 48.Re8 Rg2+ 49.Ka3 Rf1 0-1

[Event "Rolf Martens Minnesturnering 2014"]
[Site "Lund"]
[Date "2014.05.03"]
[Round "7.1"]
[White "Cuenca Jimenez, Jose Fernando"]
[Black "Jepson, Christian"]
[Result "0-1"]
[WhiteElo "2489"]
[BlackElo "2471"]

1.e4 e5 2.Nf3 Nc6 3.d4 exd4 4.Nxd4 Bb4+ 5.c3 Bc5 6.Nxc6 bxc6 7.Bd3 Qh4 8.
g3 Qh3 9.Bf1 Qe6 10.Bg2 Ba6 11.Bf4 Nf6 12.f3 d5 13.Nd2 O-O 14.Nb3 Bb6 15.
Nd4 Bxd4 16.Qxd4 dxe4 17.O-O-O Qxa2 18.Bxc7 Bd3 19.Rxd3 exd3 20.Qxd3 Nd5 
21.Be5 Rfe8 22.f4 f6 23.Bd4 Rab8 24.c4 Nb4 25.Qa3 Qxc4+ 26.Bc3 Na2+ 27.Kd1
Qe2# 0-1

[Event "Rolf Martens Minnesturnering 2014"]
[Site "Lund"]
[Date "2014.05.03"]
[Round "7.2"]
[White "Lindvall, Johannes"]
[Black "Tikkanen, Hans"]
[Result "0-1"]
[WhiteElo "2008"]
[BlackElo "2631"]

1.e4 e6 2.d4 d5 3.Nd2 Nf6 4.e5 Nfd7 5.c3 c5 6.Bd3 Nc6 7.Ne2 cxd4 8.cxd4 f6
9.exf6 Nxf6 10.Nf3 Qc7 11.O-O Bd6 12.Nc3 a6 13.Bg5 O-O 14.Bh4 g6 15.Rc1 
Nh5 16.Bg3 Nxg3 17.hxg3 Qg7 18.Bb1 Bd7 19.Qd3 Rf6 20.Rfe1 Raf8 21.Re2 Rf5 
22.Qe3 Rxf3 23.gxf3 Nxd4 24.Kg2 Nxe2 25.Qxe2 Be5 26.a3 Rc8 27.Qd2 Kh8 28.
Rh1 Be8 29.Ne2 Qf6 30.Qb4 b5 31.Qg4 Kg8 32.Qh3 Rc7 33.Qh6 Rf7 34.Qe3 Bc6 
0-1

[Event "Rolf Martens Minnesturnering 2014"]
[Site "Lund"]
[Date "2014.05.03"]
[Round "8.1"]
[White "Tikkanen, Hans"]
[Black "Jepson, Christian"]
[Result "0-1"]
[WhiteElo "2631"]
[BlackElo "2471"]

1.Nf3 d5 2.d4 Nf6 3.c4 e6 4.Nc3 Be7 5.cxd5 exd5 6.Bg5 c6 7.Qc2 Nbd7 8.e3 
Nh5 9.Bxe7 Qxe7 10.O-O-O Nb6 11.Ne5 Be6 12.Kb1 g6 13.Ka1 O-O-O 14.Nd3 Kb8 
15.Nc5 Bc8 16.Qb3 Ka8 17.Bd3 Rhe8 18.Rhe1 Qh4 19.g3 Qxh2 20.Qc2 Nf6 21.Rh1
Qg2 22.Rdg1 Qf3 23.Be2 Qf5 24.Bd3 Qf3 25.Nd1 h5 26.a4 Ne4 27.Rh4 Bg4 28.
Bxe4 dxe4 29.a5 Nd5 30.a6 bxa6 31.Qa4 Rc8 32.Qxa6 Rc7 33.Rhh1 Rb8 34.Qa4 
Nb4 35.Re1 Qf5 36.Rhf1 Bxd1 37.Rxd1 Qd5 38.Rc1 Rb6 39.Rc3 f5 40.Rb3 Qc4 
0-1

[Event "Rolf Martens Minnesturnering 2014"]
[Site "Lund"]
[Date "2014.05.03"]
[Round "8.2"]
[White "Eriksson, Kristian"]
[Black "Cuenca Jimenez, Jose Fernando"]
[Result "0-1"]
[WhiteElo "2075"]
[BlackElo "2489"]

1.e4 e5 2.Nf3 Nc6 3.d4 exd4 4.Nxd4 Bb4+ 5.c3 Bc5 6.Nb3 Bb6 7.c4 d6 8.Nc3 
Nge7 9.Bg5 f6 10.Bh4 O-O 11.Nd5 Nxd5 12.Qxd5+ Kh8 13.O-O-O Qe8 14.a3 Be6 
15.Qd2 Bxc4 16.Bxc4 Qxe4 17.Bd5 Qxh4 18.g3 Qh5 19.f4 Rae8 20.Rhe1 a5 21.
Qg2 a4 22.Bxc6 bxc6 23.Nd2 Be3 24.Kb1 Qf5+ 25.Ka1 Qc2 0-1